Normal view MARC view

Entry Geographic Name

Number of records used in: 3

001 - CONTROL NUMBER

  • control field: 5944

003 - CONTROL NUMBER IDENTIFIER

  • control field: NUST

005 - DATE AND TIME OF LATEST TRANSACTION

  • control field: 20171103135611.0

008 - FIXED-LENGTH DATA ELEMENTS

  • fixed length control field: 171103|| aca||aabn | a|a d

040 ## - CATALOGING SOURCE

  • Original cataloging agency: NUST
  • Transcribing agency: NUST

151 ## - HEADING--GEOGRAPHIC NAME

  • Geographic name:
  • General subdivision: computational science and engineering

670 ## - SOURCE DATA FOUND

  • Source citation: Work cat.: (NUST)24679: Thesis-MS: Modeling and Simulation of the System for Discovery of Medical Experts
© 2023 Central Library, National University of Sciences and Technology. All Rights Reserved.